Schaum's outline of theory and problems of financial accounting
Αποθηκεύτηκε σε:
| Κύριος συγγραφέας: | |
|---|---|
| Άλλοι συγγραφείς: | |
| Μορφή: | Βιβλίο |
| Γλώσσα: | English |
| Δημοσίευση: |
New York :
McGraw-Hill,
c1983
|
| Σειρά: | Schaum's outline series in accounting
|
| Θέματα: | |
| Ετικέτες: |
Προσθήκη ετικέτας
Δεν υπάρχουν, Καταχωρήστε ετικέτα πρώτοι!
|
MARC
| LEADER | 00000cam a2200000 i 4500 | ||
|---|---|---|---|
| 001 | 1/59586 | ||
| 008 | 960313s1983 eng d | ||
| 020 | |a 0070573042 |c $6.95 | ||
| 035 | |l 10028565 | ||
| 040 | |a GR-MY-UA |b gre |e aacr | ||
| 041 | 0 | |a eng | |
| 082 | 0 | |a 657.076 |2 (19) | |
| 100 | 1 | |a Siegel, Joel G. | |
| 245 | 1 | 0 | |a Schaum's outline of theory and problems of financial accounting / |c by Joel G. Siegel and Jae K. Shim |
| 260 | |a New York : |b McGraw-Hill, |c c1983 | ||
| 300 | |a 310 p.; |c 28 cm | ||
| 490 | 1 | |a Schaum's outline series in accounting | |
| 490 | 1 | |a Schaum's outline series | |
| 500 | |a Includes index | ||
| 650 | 0 | 0 | |a Accounting |x Problems, exercises, etc. |
| 650 | 0 | 0 | |a Accounting. |
| 700 | 1 | |a Shim, Jae K. | |
| 830 | 0 | |a Schaum's outline series in accounting | |
| 852 | |a INST |b CHIOS |e 19960313 |h 657.48 SIE |p 005200000623 |q 005200000623 |t BK |y 0 | ||
| 901 | |a BIBL2-1996-1 | ||
| 909 | |a Χ |b 000786 | ||